Statistics for Switzerland National Football Team

Click here to take the quiz!

General Stats

  • This quiz has been taken 494 times
    (343 since last reset)
  • The average score is 4 of 18

Answer Stats

GoalsCapsPlayer% Correct
30121Xherdan Shaqiri
85%
14123Granit Xhaka
84%
4284Alexander Frei
40%
2593Haris Seferović
40%
9114Ricardo Rodríguez
37%
8108Stephan Lichtsteiner
23%
789Gökhan Inler
16%
21103Stéphane Chapuisat
16%
294Johann Vogel
8%
3462Kubilay Türkyilmaz
7%
2548Adrian Knup
5%
2112Alain Geiger
5%
15118Heinz Hermann
5%
2952André Abegglen
4%
2334Josef Hügi
4%
3468Max Abegglen
4%
2256Charles Antenen
2%
2953Jacques Fatton
2%

Score Distribution

Percentile by Number Answered

Percent of People with Each Score

Your Score History

You have not taken this quiz since the last reset